Statistics for Movies by Year, 1970–1989

Click here to take the quiz!

General Stats

  • This quiz has been taken 22,191 times
  • The average score is 13 of 20

Answer Stats

YearClueAnswer% Correct
1975This horror movie makes people afraid to go in the waterJaws
89%
1979Sigourney Weaver stars as an action hero in this sci-fi movieAlien
85%
1986Paul Hogan makes his film debut as this iconic Australian characterCrocodile Dundee
82%
1973This martial artist dies of mysterious causes in Hong KongBruce Lee
79%
1981This movie debuts, starring Harrison Ford as Indiana JonesRaiders of the Lost Ark
77%
1977This famous disco movie debutsSaturday Night Fever
77%
1988Eddie Murphy stars as an African prince in this movieComing to America
75%
1980Audiences are shocked to learn that Darth Vader is this character's fatherLuke Skywalker
72%
1989Kevin Costner stars in this baseball movie, his second in as many yearsField of Dreams
71%
1971Clint Eastwood stars in this movie about a hard-boiled San Francisco copDirty Harry
69%
1982This movie, better known as Rambo, hits theatersFirst Blood
68%
1972This movie, based on a Mario Puzo novel, hits theatersThe Godfather
66%
1970George C. Scott stars as this famous WWII generalGeorge S. Patton
63%
1985Oprah Winfrey makes her film debut in this Steven Spielberg filmThe Color Purple
63%
1984Prince stars in this musical dramaPurple Rain
62%
1976Damien is an antichrist child in this horror movieThe Omen
60%
1978This independent film festival, chaired by Robert Redford, occurs for the first timeSundance
55%
1987
This movie premieres. Little does the audience know that two of its
actors would go on to become U.S. state governors.
Predator /
The Running Man
48%
1974Steve McQueen and O.J. Simpson star in this movie about a burning skyscraperThe Towering Inferno
47%
1983The only winning move is not to play in this Cold War movieWarGames
42%

Score Distribution

Percentile by Number Answered

Percent of People with Each Score

Your Score History

You have not taken this quiz